| 000 | 00389nam a2200169Ia 4500 | ||
|---|---|---|---|
| 008 | 221030s9999 xx 000 0 und d | ||
| 020 | _a8178085860 | ||
| 041 | _aEnglish | ||
| 082 |
_a105.23 _bKee |
||
| 100 | _aW. J. Keegan | ||
| 245 | 0 | _aGlobal Marketing Management | |
| 250 | _a7th | ||
| 260 |
_bPearson Education _aDelhi _c2005 |
||
| 300 | _a617 | ||
| 650 | _aManagement | ||
| 942 | _cBK | ||
| 999 |
_c547 _d547 |
||